Trabajo de planificación: Cuenca Río San Juan /
El documento consiste en un plan de trabajo de la planificación de la cuenca del Río San Juan.
Uloženo v:
| Hlavní autor: | |
|---|---|
| Další autoři: | , , , |
| Médium: | Text |
| Jazyk: | Spanish |
| Vydáno: |
s.n.t. :
|
| Témata: | |
| Tagy: |
Přidat tag
Žádné tagy, Buďte první, kdo vytvoří štítek k tomuto záznamu!
|
MARC
| LEADER | 00000 a a2200000 04500 | ||
|---|---|---|---|
| 001 | 17230 | ||
| 003 | cru CIDCACS/IIS | ||
| 005 | 20230523122209.0 | ||
| 008 | 230523b |||||||| |||| 00| 0 spa d | ||
| 040 | |c CRAI/IIS | ||
| 090 | |a 03.01.02 M828t | ||
| 100 | |a Morales, José | ||
| 245 | |a Trabajo de planificación: Cuenca Río San Juan / |c José Morales | ||
| 260 | |a s.n.t. : | ||
| 300 | |a 24 páginas | ||
| 520 | |a El documento consiste en un plan de trabajo de la planificación de la cuenca del Río San Juan. | ||
| 650 | 0 | |9 4687 |a CUENCAS | |
| 650 | 0 | |9 3913 |a PLANIFICACIÓN | |
| 650 | 0 | |9 2566 |a RÍOS | |
| 700 | |a Carballo, Sergio | ||
| 700 | |a Montenegro, Ernesto | ||
| 700 | |a Guilá, Andrés | ||
| 700 | |a Aparicio, Rafael | ||
| 942 | |2 ddc |c LITG |h 03.01.02 M828t |i 07601 |6 030102_M828T_07601 | ||
| 999 | |c 17187 |d 17187 | ||
